00728nam a22001577a 4500003000900000005001700009007000300026008004100029020001800070040002500088100004500113245028000158260003900438300003400477500005900511DO-SdBNP20210907095147.0ta210907b2018 dr ac || |||| 00| 0 sps d a9789945091717 aDO-SdBNPbspacBNPHU1 aArbaje Ramírez, Seneo Milagro, d1934-10aSeneo M. Arbaje Ramírez ; Seis y medio siquiatras : bel calvario de un joven médico sufriendo de una horrorosa, cruel e increíblemente maligna enfermedad : DEPRESIÓN) /cSeneo M. Arbaje Ramírez ; corrección de estilo y cuidado de edición : Manuel Mora Serrano. a Santo Domingo : bBúho, c2018. a154 p. :bil.retrs. ;c23 cm. aIncluye datos biográficos del autor en las solapas.